00438nam a2200145Ia 4500003000400000005001700004008004100021040001800062041000800080100004400088110001300132245010300145260002000248710002400268OSt20260311090126.0211028s2013 xx 000 0 und d cAIMIT LIBRARY aeng aPereira, Glanson;Kumar, Rakesh.g101711 aRuban S. aDesigning and developing a web site for a software product company for users of US UK and Canada / aBangalorec2013 ai2Soft Technologies